| 000 | 00465nam a22001697a 4500 | ||
|---|---|---|---|
| 005 | 20251108170846.0 | ||
| 008 | 250721s1998 xx 000 0 ara d | ||
| 082 | 1 | 4 | _a155.4/منس |
| 100 | 1 | _aمنسي، حسن | |
| 245 | 1 | 0 | _aعلم نفس الطفولة / |
| 264 | 1 |
_aعمان : _bدار طارق للنشر، _c1998. |
|
| 300 | _a134ص | ||
| 650 | 1 | 7 | _aعلم النفس |
| 650 | 1 | 7 | _aسيكولوجيا الأطفال |
| 942 |
_2ddc _cBK |
||
| 999 |
_c50670 _d50670 |
||